The little mermaid / (Record no. 44524)

MARC details
000 -LEADER
fixed length control field 01041nam a22002777a 4500
005 - DATE AND TIME OF LATEST TRANSACTION
control field 2010090808328.0
008 - FIXED-LENGTH DATA ELEMENTS--GENERAL INFORMATION
fixed length control field 100908t xxu||||| |||| 00| 0 eng d
010 ## - LCCN (DPL NO)
LC control number B-420993
020 ## - INTERNATIONAL STANDARD BOOK NUMBER
International Standard Book Number 9788124112298
Terms of availability 40.00
020 ## - INTERNATIONAL STANDARD BOOK NUMBER
International Standard Book Number 8124112290
Terms of availability 40.00
035 ## - SYSTEM CONTROL NUMBER
System control number B-420993
037 ## - SOURCE OF ACQUISITION
Source of stock number/acquisition DBAD / Gift
040 ## - CATALOGING SOURCE
Original cataloging agency dpl
Language of cataloging English
082 ## - DEWEY DECIMAL CLASSIFICATION NUMBER
Classification number S
100 ## - MAIN ENTRY--PERSONAL NAME
Personal name Andersen, Hans Christian
9 (RLIN) 18946
245 ## - TITLE STATEMENT
Title The little mermaid /
Statement of responsibility, etc by Hans Christian Andersen
260 ## - PUBLICATION, DISTRIBUTION, ETC. (IMPRINT)
Place of publication, distribution, etc New Delhi
Name of publisher, distributor, etc Har-Anand Publications
Date of publication, distribution, etc 200?
300 ## - PHYSICAL DESCRIPTION
Extent 80p. :
Other physical details ill. ;
Dimensions 21cm (pbk)
490 ## - SERIES STATEMENT
Series statement Treasure of classics
-- 18947
520 ## - SUMMARY, ETC.
Summary, etc A little sea princess, longing to be human, trades her mermaid's tail for legs, hoping to win the heart of the prince she loves.
650 ## - SUBJECT ADDED ENTRY--TOPICAL TERM
Topical term or geographic name as entry element Fairy tales.
9 (RLIN) 18948
650 ## - SUBJECT ADDED ENTRY--TOPICAL TERM
Topical term or geographic name as entry element Mermaids
General subdivision Fiction.
9 (RLIN) 18949
700 ## - ADDED ENTRY--PERSONAL NAME
Personal name Raghu G.
9 (RLIN) 18950
942 ## - ADDED ENTRY ELEMENTS (KOHA)
Source of classification or shelving scheme Dewey Decimal Classification
Item type Children Books
Classification part S
Call number suffix AND
Holdings
Withdrawn status Lost status Source of classification or shelving scheme Damaged status Not for loan Collection code Home library Current library Date acquired Source of acquisition Cost, normal purchase price Total Checkouts Full call number Barcode Date last seen Copy number Cost, replacement price Koha item type
    Dewey Decimal Classification     Fiction Janak Puri Janak Puri 08/09/2010 DBAD/Gift 40.00 10 S AND B-420993 09/11/2024 1 40.00 Children Books

© Delhi Public Library
Hit Counter
free hit counter